<?xml version="1.0" encoding="UTF-8"?><?xml-stylesheet type="text/xsl" href="static/style.xsl"?><OAI-PMH xmlns="http://www.openarchives.org/OAI/2.0/" xmlns:xsi="http://www.w3.org/2001/XMLSchema-instance" xsi:schemaLocation="http://www.openarchives.org/OAI/2.0/ http://www.openarchives.org/OAI/2.0/OAI-PMH.xsd"><responseDate>2026-06-01T04:33:22Z</responseDate><request verb="GetRecord" identifier="oai:riuma.uma.es:10630/37229" metadataPrefix="marc">https://riuma.uma.es/rest/oai/request</request><GetRecord><record><header><identifier>oai:riuma.uma.es:10630/37229</identifier><datestamp>2026-02-03T11:33:05Z</datestamp><setSpec>com_10630_2254</setSpec><setSpec>col_10630_37953</setSpec></header><metadata><record xmlns="http://www.loc.gov/MARC21/slim" xmlns:dcterms="http://purl.org/dc/terms/" xmlns:doc="http://www.lyncode.com/xoai" xmlns:xsi="http://www.w3.org/2001/XMLSchema-instance" xsi:schemaLocation="http://www.loc.gov/MARC21/slim http://www.loc.gov/standards/marcxml/schema/MARC21slim.xsd">
   <leader>00925njm 22002777a 4500</leader>
   <datafield ind2=" " ind1=" " tag="042">
      <subfield code="a">dc</subfield>
   </datafield>
   <datafield ind2=" " ind1=" " tag="720">
      <subfield code="a">Robles‑Zurita, José Antonio</subfield>
      <subfield code="e">author</subfield>
   </datafield>
   <datafield ind2=" " ind1=" " tag="260">
      <subfield code="c">2023</subfield>
   </datafield>
   <datafield ind2=" " ind1=" " tag="520">
      <subfield code="a">Even if public health interventions are successful at reducing the spread of COVID-19, there is no guarantee that they will&#xd;
bring net benefits to the society because of the dynamic nature of the pandemic, e.g., the risk of a second outbreak if those&#xd;
interventions are stopped too early, and the costs of a continued lockdown. In this analysis, a discrete-time dynamic model&#xd;
is used to simulate the effect of reducing the effective reproduction number, driven by lockdowns ordered in March 2020 in&#xd;
four European countries (UK, France, Italy and Spain), on QALYs and hospitalisation costs. These benefits are valued in&#xd;
monetary terms (€30,000 per QALY assumed) and compared to productivity costs due to reduced economic activity during&#xd;
the lockdown. An analysis of the optimal duration of lockdown is performed where a net benefit is maximised. The switch&#xd;
to a soft lockdown is analysed and compared to a continued lockdown or no intervention. Results vary for two assumptions&#xd;
about hospital capacity of the health system: (a) under unlimited capacity, average benefit ranges from 8.21 to 14.21% of&#xd;
annual GDP, for UK and Spain, respectively; (b) under limited capacity, average benefits are higher than 30.32% of annual&#xd;
GDP in all countries. The simulation results imply that the benefits of lockdown are not substantial unless continued until&#xd;
vaccination of high-risk groups is complete. It is illustrated that lockdown may not bring net benefits under some scenarios&#xd;
and a soft lockdown will be a more efficient alternative from mid-June 2020 only if the basic reproduction number is maintained&#xd;
low (not necessarily below 1) and productivity costs are sufficiently reduced.</subfield>
   </datafield>
   <datafield ind1="8" ind2=" " tag="024">
      <subfield code="a">Robles-Zurita, J. Reducing the basic reproduction number of COVID-19: a model simulation focused on QALYs, hospitalisation, productivity costs and optimal (soft) lockdown. Eur J Health Econ 24, 647–659 (2023). https://doi.org/10.1007/s10198-022-01500-7</subfield>
   </datafield>
   <datafield ind1="8" ind2=" " tag="024">
      <subfield code="a">https://hdl.handle.net/10630/37229</subfield>
   </datafield>
   <datafield ind1="8" ind2=" " tag="024">
      <subfield code="a">10.1007/s10198-022-01500-7</subfield>
   </datafield>
   <datafield tag="653" ind2=" " ind1=" ">
      <subfield code="a">COVID-19</subfield>
   </datafield>
   <datafield ind2="0" ind1="0" tag="245">
      <subfield code="a">Reducing the basic reproduction number of COVID‑19: a model simulation focused on QALYs, hospitalisation, productivity costs and optimal (soft) lockdown</subfield>
   </datafield>
</record>
</metadata></record></GetRecord></OAI-PMH>